Регионална библиотека "Любен Каравелов" - Русе

Collected stories (Запис номер 42121)

MARC детайли
000 -Лидер
Контролно поле с фиксирана дължина 00921nam a2200313 c 4500
003 - Код на организацията, давaща контролен номер
Контролно поле BLK
005 - Дата и час на последна редакция
Контролно поле 20180420221346.0
008 - Елементи от данни с фиксирана дължина
fixed length control field 180408b bul|||||r ||||||| ||bul||
010 ## - Наследен системен номер
LC control number KNG00045774000
020 ## - Международен стандартен номер на книга ISBN
Международен стандартен номер на книга ISBN 1-85715-199-2
-- издат.: Everyman Publ. plc
040 ## - Източник на каталожния запис
Идентификатор на билиотеката - собственик на записа BLK
041 ## - Код за език
Код за езика на текст/звукозапис или на отделно заглавие Английски
Код за езика КДБФ Английски
080 ## - УДК
Текстов определител УДК Английска литература
УДК код - определител по УДК 821.111
УДК определител -32
УДК - код + определител 821.111-32
100 1# - Редна дума - Автор
Автор Kipling, Rudyard
Авторска отговорност първи автор
R(LIN) 15115
139 ## - Редно поле
Редна дума Kipling, Rudyard
Авторски знак Kip - K 47
245 10 - Сведения за заглавието
Заглавие Collected stories
Редно поле (дума) Rudyard Kipling.
257 ## - Страна на издаване
Страна на създаване/издаване Великобритания
260 ## - Област на издателските данни
-- London
Име на издателя, разпространителя и проч. Everyman Publ. plc
Година на издаване 1994
300 ## - Физическа характеристика
Страници XLIII, 914 с.
Размери/Мащаб 21 см
380 ## - Жанр
Жанр Худож. лит.
490 1# - СЕРИИ (Колекции)
Име на серия The Millennium Library
490 1# - СЕРИИ (Колекции)
-- Подсерия
Име на серия Everyman's Library
№: серия 199
653 ## - Ключова дума – ненормативна
Ключова дума разкази
852 ## - Местоположение
Форматна сигнатура Цб 205610
856 4# - Електронен адрес и достъп
Електронен формат pdf - файл
Път до файла /url/
856 4# - Електронен адрес и достъп
Електронен формат pdf - файл
Път до файла /url/
942 ## - АРТИКУЛИ
Вид на библиотечния материал Книги
Скрит в OPAC Не
944 ## - СЪЗДАВАНЕ И РЕДАКЦИЯ на ЗАПИСА
Създаване/Редакция Създаване
Дата на регистрацията/редакция 01.01.1999
Служител, извършил регистрацията/редакцията AB_DOS
944 ## - СЪЗДАВАНЕ И РЕДАКЦИЯ на ЗАПИСА
Създаване/Редакция Редакция
Дата на регистрацията/редакция 15.01.2003
Служител, извършил регистрацията/редакцията
999 ## - СИСТЕМНИ КОНТРОЛНИ НОМЕРА
Koha biblionumber 42121
Koha biblioitemnumber 42121
Наличности
Код за отписване Код за изгубен артикул Код за повреда Коз за рестрикции Код за отдаване Артикулен № Име на библиотеката - собственик Име на библиотеката, в която се намира в момента Статус (Текущо местоположение) Дата на вписване в системата Местоположение - отдел Цена в лева Инвентарен номер Систематично азбучна сигнатура Баркод Номер на екземпляра Цена в евро Служебна бележка Служебен тип на артикула
  Не е изгубен Не е повреден без рестрикции заемане за дома 65907 Регионална библиотека "Любен Каравелов" Русе Регионална библиотека "Любен Каравелов" Русе ЧЧЗО - англ. ез. - Британски съвет 2001-01-01 ЧЧЗО - англ. ез. - Британски съвет 0.00 658852 Ч3 820-32/K 47 658852 1 0.00 Дата инв: 12.03.2015 Бележки инв: Ч32015 Книги
  Не е изгубен Не е повреден без рестрикции заемане за дома 65908 Регионална библиотека "Любен Каравелов" Русе Регионална библиотека "Любен Каравелов" Русе ЧЧЗО - англ. ез. - Британски съвет 2001-01-01 ЧЧЗО - англ. ез. - Британски съвет 0.00 662965 Ч3 820-32/K 47 662965 2 0.00 Дата инв: 31.03.2015 Бележки инв: Ч32015 Книги
Vip Innovations Ltd, Rousse, Bulgaria 2025